000 00933nas a2200289 4500
001 BR2016002570
003 BR-BrBNA
005 20231205130412.0
007 ta
008 230509b bl.|||p| |||| 00| 00por d
040 _aBR-BrBNA
_bpor
_cBiblioteca Nacional de Agricultura
041 _a(En)
072 _aL02
100 1 _aHorvatovic, M.P.
100 1 _aGlamocic, D.
100 1 _aZikic, D.
100 1 _aHadnadjev, T.D.
245 1 _aPerformance and some intestinal functions of broilers fed diets with different inclusion levels of sunflower meal and supplemented or not with enzymes
650 _aFRANGO DE CORTE
650 _aDIETA
650 _aGIRASSOL
650 _aENZIMA
650 _aSUPLEMENTO ALIMENTAR
773 0 _tBrazilian Journal of Poultry Science (Brazil)
_xISSN 1516-635X
_g(Jan-Mar 2015), v. 17(1) p. 25-30
_wBR2016002570
909 _a202311
_bLúcia
_c55
_dLúcia Elande
942 _2AGRIS
_n0
_cANA
999 _c249249
_d249249